000 00553nam a2200205Ia 4500
003 GCL
008 140319s9999 xx 000 0 eng d
040 _aGCL /
_cGCL
082 0 4 _a005.369
_bS L
100 1 _aSMITH, GRAHAM T.
245 1 0 _aLOTUS 1 - 2 - 3 Quick /
_cSMITH, GRAHAM T.
260 _a[S.N] :
_bSOUTH-WEATERN PUBISHING CO ،
_c1993
300 _a164 P
650 0 4 _aCOMPUTER FILE
650 0 4 _aELECTRONIC SPREADSHEETS
650 0 4 _aBUSINESS
650 0 4 _aCOMPUTER PROGRM
650 0 4 _aLOTUS 1-2-3 (COMPUTER FILE)
942 _2ddc
_cBK
999 _c23251
_d23251